| 000 | 00667nam a22001937a 4500 | ||
|---|---|---|---|
| 005 | 20210325173452.0 | ||
| 008 | s2527 th tha d | ||
| 041 | _atha | ||
| 050 | _aBR128.B8 พ244พ | ||
| 100 | 0 | _aพุทธทาสภิกขุ | |
| 245 | 1 | 0 | _aพุทธ-คริสต์ในทัศนะท่านพุทธทาส |
| 260 | 3 |
_aกรุงเทพฯ : _bเทียนวรรณ, _c2527 |
|
| 300 | _a351 หน้า | ||
| 650 | 0 | 4 | _aพุทธศาสนากับคริสตศาสนา |
| 850 | _aNALT | ||
| 942 | _cGB | ||
| 997 | _c000000000001471 | ||
| 998 | _aNarumon Suwan | ||
| 999 |
_c1471 _d1471 |
||